| 000 | 02429cam a22005174i 4500 | ||
|---|---|---|---|
| 003 | PE-LiUPU | ||
| 005 | 20250731173333.0 | ||
| 008 | 150616s r 000 0 d | ||
| 035 | _a(Sirsi) a421 | ||
| 040 |
_aPE-LiUPU _bspa _cPE-LiUPU _erda |
||
| 049 | _aPRUA | ||
| 082 | 0 | 4 |
_a241.52 _bB92 _221 |
| 100 | 1 |
_aBunch, Taylor G., _eautor. |
|
| 245 | 1 | 4 |
_aThe Ten Commandments : _b"The law liberty". |
| 264 | 1 |
_aWashington D.C. : _bReview and Herald, _c1944. |
|
| 300 |
_a190 páginas ; _c20 cm |
||
| 336 |
_atext _2rdacontent |
||
| 337 |
_aunmediated _2rdamedia |
||
| 338 |
_avolume _2rdacarrier |
||
| 505 | 0 | _aForeword -- The law the God -- The divine rule of life -- The true object of worship -The true mode of worship -The Gods of modern idolatry -- Profanity and Vain worship -The day of worship -The family government -- The sacredness of Human Life -- The sacredness of marriege -- The virtue of honesty -- The sin of false witnessing -- The sin of Covetousness -- The new commandment. | |
| 526 | _aSEG42 | ||
| 526 | _aSEG41 | ||
| 526 | _aSEG40 | ||
| 526 | _aSEG39 | ||
| 526 | _aP94 | ||
| 526 | _aP87 | ||
| 526 | _aP86 | ||
| 526 | _aP85 | ||
| 526 | _aP77 | ||
| 526 | _aP76 | ||
| 526 | _aP35 | ||
| 650 | 0 | 4 | _aMandamientos de Dios. |
| 910 |
_ajck _bjvq _cjck |
||
| 942 |
_2ddc _cBOOK |
||
| 949 |
_a241.52 B92 _wDEWEY _c1 _i08577 _lCCODEBUL1 _mBUL _p00.00 _r0 _sY _tBOOK _u2015-04-23 _xTEOLOGIA _zUNKNOWN _0COMPRA _o.STAFF. Colección General |
||
| 949 |
_a241.52 B92 _wDEWEY _c2 _i49920 _lCCODEBUL1 _mBUL _p00.00 _r0 _sY _tBOOK _u2015-04-23 _xTEOLOGIA _PP35 _0COMPRA _o.STAFF. Colección General |
||
| 949 |
_a241.52 B92 _wDEWEY _c3 _i15402 _lCCODEBUL1 _mBUL _pdollar4 _r0 _sY _tBOOK _u19771010 _xTEOLOGIA _zUNKNOWN _0COMPRA _o.STAFF. Colección General |
||
| 994 |
_aC0 _bPEPRU |
||
| 596 | _a1 4 | ||
| 999 |
_a241.52 B92 _wDEWEY _c48416 _i49920 _f2021-11-10 _g5 _lCCODEBUL1 _mBUL _r0 _sY _tBOOK _u2015-4-23 _xTEOLOGIA _PP35 _0COMPRA _o.STAFF. Colección General _d48416 |
||
| 999 |
_a241.52 B92 _wDEWEY _c3 _i15402 _f2021-11-10 _g5 _lCCODEBUL1 _mBUL _r0 _sY _tBOOK _u2015-6-16 _xTEOLOGIA _zUNKNOWN _0COMPRA _o.STAFF. Colección General |
||
| 999 |
_a241.52 B92 _wDEWEY _c1 _i08577 _f2019-12-9 _g4 _lCCODECWL1 _mBWL _r1 _sY _tBOOK _u2015-4-23 _xTEOLOGIA _zUNKNOWN _0COMPRA _o.STAFF. Colección General |
||
| 980 |
_81 _gALBERTO SANCHEZ Responsable de Automatización |
||